Standards.

Bibliographic Details
Corporate Author: American Wood-Preservers' Association
Format: Serial
Language:English
Published: Washington, D.C. : The Association.
Subjects:

MARC

Tag First Indicator Second Indicator Subfields
LEADER 00000cas a2200000 4500
001 in00000074377
005 20151008052602.0
008 790112c19uu9999dcuuu 0uuua0eng d
035 |a (OCoLC)04544668 
035 |9 AAH3996AM 
040 |a IDR  |c IDR  |d TXA  |d UtOrBLW 
049 |a TXAE 
090 |a TA422  |b .A4 
110 2 |a American Wood-Preservers' Association. 
245 1 0 |a Standards. 
246 1 8 |a AWPA standards 
264 1 |a Washington, D.C. :  |b The Association. 
300 |a  volumes :  |b illustrations ;  |c 29 cm. 
336 |a text  |b txt  |2 rdacontent 
337 |a unmediated  |b n  |2 rdamedia 
338 |a volume  |b nc  |2 rdacarrier 
362 0 |a 19 - 
500 |a Looseleaf for updating. 
650 0 |a Wood  |x Preservation. 
999 |a MARS 
999 f f |s d98f5391-c952-3238-b473-51f9155a37c7  |i 78a0da9d-a171-3a00-a391-8e129b187371  |t 0 
952 f f |p ric  |a Texas A&M University  |b Rellis Campus  |c Joint Library Facility  |d Remote Storage  |t 0  |e TA422 .A4  |h Library of Congress classification  |i unmediated -- volume  |k 1991  |m A14815957950 
952 f f |p ric  |a Texas A&M University  |b Rellis Campus  |c Joint Library Facility  |d Remote Storage  |t 0  |e TA422 .A4  |h Library of Congress classification  |i unmediated -- volume  |k 1990  |m A14815957900 
952 f f |p ric  |a Texas A&M University  |b Rellis Campus  |c Joint Library Facility  |d Remote Storage  |t 0  |e TA422 .A4  |h Library of Congress classification  |i unmediated -- volume  |k 1989  |m A14812223857 
998 f f |a TA422 .A4  |s 1989-1991  |t 0  |l Remote Storage